Grotesque (Record no. 34156)

MARC details
000 -LEADER
fixed length control field 00251nam a2200109Ia 4500
082 ## - DEWEY DECIMAL CLASSIFICATION NUMBER
Classification number 082.09
Item number THO
100 ## - MAIN ENTRY--AUTHOR NAME
Personal name Thomson, Philip
245 #0 - TITLE STATEMENT
Title Grotesque
260 ## - PUBLICATION, DISTRIBUTION, ETC. (IMPRINT)
Place of publication London
Name of publisher Methuen
Year of publication 1972
942 ## - ADDED ENTRY ELEMENTS (KOHA)
Koha item type Books
Holdings
Withdrawn status Lost status Damaged status Not for loan Home library Current library Date acquired Cost, normal purchase price Full call number Accession Number Koha item type
        RRII Library RRII Library 16/12/2021 1.60 082.09 THO 14596 Books